<?xml version="1.0" encoding="UTF-8"?>
<marc:record xmlns:marc="http://www.loc.gov/MARC21/slim">
   <marc:leader>00000nam a2200000 a 4500</marc:leader>
   <marc:datafield ind1="1" ind2=" " tag="100">
      <marc:subfield code="a">Steinhöfel, Andreas</marc:subfield>
      <marc:subfield code="4">aut</marc:subfield>
      <marc:subfield code="e">Verfasser/-in</marc:subfield>
   </marc:datafield>
   <marc:datafield ind1="1" ind2=" " tag="100">
      <marc:subfield code="a">Lorentz, Judith</marc:subfield>
      <marc:subfield code="4">drt</marc:subfield>
      <marc:subfield code="e">Regisseur/-in</marc:subfield>
   </marc:datafield>
   <marc:datafield ind1="0" ind2="0" tag="245">
      <marc:subfield code="a">Tonies: Rico, Oskar und die Tieferschatten</marc:subfield>
   </marc:datafield>
   <marc:datafield ind1="0" ind2="0" tag="245">
      <marc:subfield code="c">Steinhöfel, Andreas</marc:subfield>
   </marc:datafield>
   <marc:datafield ind1=" " ind2="1" tag="264">
      <marc:subfield code="a">[Hamburg]</marc:subfield>
      <marc:subfield code="b">Carlsen Verlag GmbH</marc:subfield>
   </marc:datafield>
   <marc:datafield ind1="1" ind2=" " tag="520">
      <marc:subfield code="a">Das Hörbuch zum preisgekrönten Kinderroman von Andreas Steinhöfel&#xD;
&#xD;
Rico und Oskar sind ungewöhnliche Freunde - der eine ist ein hochbegabtes, der andere ein sogenanntes “tiefbegabtes” Kind. Als die beiden gemeinsam einen Kriminalfall um einen Kindesentführer lösen. Basierend auf dem Roman von Andreas Steinhöfel ist auch das Hörspiel eine ungewöhnliche Mischung aus Kriminal- und Kindergeschichte mit spannendem Plot, außergewöhnlichen Figuren und kreativen Wortschöpfungen.&#xD;
&#xD;
Tonie-Tipp: Wie in der Buchvorlage, werden auch im Hörbuch gewisse Themen (Kindesentführung, Krankheiten) nicht schöngeredet, sondern wertfrei und treffend mit einbezogen.</marc:subfield>
   </marc:datafield>
   <marc:datafield ind1="3" ind2=" " tag="024">
      <marc:subfield code="a">4251192116659</marc:subfield>
   </marc:datafield>
   <marc:datafield ind1=" " ind2=" " tag="041">
      <marc:subfield code="a">ger</marc:subfield>
   </marc:datafield>
   <marc:datafield ind1="1" ind2=" " tag="521">
      <marc:subfield code="a">ab 8 Jahren</marc:subfield>
   </marc:datafield>
   <marc:datafield ind1=" " ind2=" " tag="338">
      <marc:subfield code="a">Online-Ressource</marc:subfield>
   </marc:datafield>
   <marc:datafield ind1=" " ind2=" " tag="300">
      <marc:subfield code="a">1 Figur (Rico mit Tasche)</marc:subfield>
   </marc:datafield>
</marc:record>
